000 00777nam a2200205Ia 4500
003 IN-BaIIA
008 211028s9999 xx 000 0 eng d
040 _cIIA Library
080 _a523.34-3
_bRES
111 _alunar International laboratory symposium
_n3rd
_cBelgrade
_d1967 Sept. 28
_96109
245 0 _aResearch in physics and chemistry
_bproceedings of the third lunar International laboratory (LIL) symposium held at Serbia, Belgrade on 28 September 1967
_cedited by Frank J. Malina
260 _aOxford
_bPergamon Press
_c1969
300 _aviii, 145p.
650 _aChemistry
650 _aMoon
650 _aPhysics
_973
700 _aMalina, Frank J., ed.
_96110
710 _aLunar International laboratory
_96111
942 _cBK
999 _c3452
_d3452